| 000 | 00000nam 2200000za 4500 |
| 001 | 9.674438 |
| 003 | CaOODSP |
| 005 | 20250120161957 |
| 007 | cr ||||||||||| |
| 008 | 150407|2005||||xxc|||||o f|0| 0 por d |
| 020 | |a0-662-02814-7 |
| 040 | |aCaOODSP|bfre |
| 043 | |an-cn--- |
| 086 | 1 |aCD4-28/3-2005Por-PDF |
| 110 | 1 |aCanada.|bAgence canadienne de développement international. |
| 245 | 10|a[Programme Brésil-Canada de promotion de l'équité - PECPE initiatives à long terme. Livret 3] |h[ressource électronique] |
| 246 | 1 |aPrograma Brasil-Canadá para a promocão da eqüidade - PIPE, Iniciativas de Longo Prazo. Folheto 3 |
| 250 | |a[Édition portugais]. |
| 260 | |aGatineau - Québec : |bAgence canadienne de développement international |c2005. |
| 300 | |a18p. |
| 500 | |aPublié aussi en français sous le titre : Programme Brésil-Canada de promotion de l'équité - PECPE initiatives à long terme. Livret 3. |
| 546 | |aTexte en portugais. |
| 590 | |a12-23-Supp|b2012-05-28 |
| 691 | 07|aDéveloppement du commerce international|2gcpds |
| 691 | 07|aProgramme international|2gcpds |
| 775 | 08|tProgramme Brésil-Canada de promotion de l'équité - PECPE initiatives à long terme. Livret 3 |w(CaOODSP)9.632082 |
| 791 | |t[Brazil-Canada Equity Promotion Program - KEEP long-term initiatives. Booklet 3] |eeng|w(CaOODSP)9.674437 |
| 856 | 40|ahttp://publications.gc.ca|qPDF|s541 Ko|uhttps://publications.gc.ca/collections/collection_2012/acdi-cida/CD4-28-3-2005-por.pdf |